000 00780nam a2200205 a 4500
003 0
005 20250227111546.0
008 100819s19uu xx 00 eng d
050 _aPGS QR 82.S8
_b.Al411 2010
100 _aAliño, Ma. Therese.
245 _aThe effects of squalene on the growth of Staphylococcus aureus /
_cMa. Therese Aliño.
260 _aLas Piñas City, Philippines :
_bSouthville International School and Colleges,
_c2010.
300 _a21 pages :
_billustrations ;
_c28 cm.
504 _aIncludes bibliographical references.
650 _aStaphylococcus aureus
_vGrowth and development.
650 _aSqualene
_vBiological activity.
650 _aAntibacterial agents
_vEffectiveness.
650 _aLipids
_vAntimicrobial properties.
942 _2lcc
_cPASS
999 _c98390
_d98390